Name chain Quiz Stats

 Plays Quiz not verified by Sporcle

Support Sporcle.
Go Orange.
Score 0/17 Timer 08:00
0 Plays Today
clue character % Correct
????
96%
????
96%
????
92%
????
92%
????
92%
????
88%
????
84%
????
84%
????
84%
clue character % Correct
????
84%
????
80%
????
72%
????
72%
????
72%
????
68%
????
64%
????
32%

You're not logged in!

Compare scores with friends on all Sporcle quizzes.
OR
Log In

From the Vault

Fast Flags of Fury II

by Hejman

We're not sure what made these flags so angry, but we're going to find out.
Remove Ads.
Support Sporcle.
Get the best of Sporcle when you Go Orange. This ad-free experience offers more features, more stats, and more fun while also helping to support Sporcle. Thank you for becoming a member.

Show Comments

Extras

Created Mar 12, 2011ReportNominate
Tags:Character

Top Quizzes Today


Score Distribution

Your Account Isn't Verified!

In order to create a playlist on Sporcle, you need to verify the email address you used during registration. Go to your Sporcle Settings to finish the process.

Report this User

Report this user for behavior that violates our Community Guidelines.

Details: